Most Popular Firearms In USA - Statistics

General Stats
  • This quiz has been taken 159 times
  • The average score is 5 of 10
Answer Stats
Hint Answer % Correct
3 Glock 19
89%
4 Colt AR-15
88%
5 Colt 1911
72%
1 AK-47
62%
10 Smith and Wesson M&P Shield
58%
2 Ruger 10/22
42%
7 Sig Sauer P365
41%
6 Remington 870
27%
8 Mossberg 500
21%
9 Remington 700
14%
No matching quizzes found
Score Distribution
Percent of People with Each Score
Percentile by Number Answered
Your Score History
You have not taken this quiz